| 000 | 00614nam a2200181Ia 4500 | ||
|---|---|---|---|
| 008 | 090630s9999 xx 000 0 und d | ||
| 082 | _b28711 | ||
| 100 | _aभगत दत्ता. | ||
| 245 |
_aगोष्ट गोधराजाची. _cभगत दत्ता. |
||
| 260 |
_bसाकेत - औरंगाबाद. _c2004 |
||
| 300 | _a32 | ||
| 600 | _aभगत दत्ता. | ||
| 630 | _aगोष्ट गोधराजाची. | ||
| 655 | _aचरित्र. | ||
| 700 | _aभगत दत्ता. | ||
| 730 | _aगोष्ट गोधराजाची. | ||
| 942 | _cBOOK | ||
| 999 |
_c280567 _d280567 |
||